|
|
|
|
| LEADER |
00902nam a22002771a 4500 |
| 001 |
000037379 |
| 003 |
13674 |
| 005 |
20210127151302.0 |
| 008 |
160412s2004 000 |
| 020 |
|
|
|c 86000đ
|
| 041 |
0 |
|
|a eng
|
| 082 |
|
|
|a 428
|b TH-N
|
| 245 |
|
4 |
|a The new sat 2005 /
|c Simon, Schuster.
|
| 260 |
|
|
|c 2004
|a HCM :
|b NXB tổng hợp.
|
| 300 |
|
|
|a 658tr. ; :
|b ill . : ;
|c 20,5cm.
|
| 650 |
|
|
|a powerful
|a practical tools to help you score higher
|
| 700 |
|
|
|a Lê Huy Lâm
|e dich
|
| OWN |
|
|
|a LNN
|
| 902 |
|
|
|a TKA
|
| AVA |
|
|
|a UDN50
|b LNN
|c English
|e available
|t Error 5001 Not defined in file expand_doc_bib_avail.
|f 2
|g 0
|h N
|i 0
|j AN
|
| 999 |
|
|
|a From the UDN01
|
| AVA |
|
|
|a UDN50
|b LNN
|c English
|e available
|t Error 5001 Not defined in file expand_doc_bib_avail.
|f 2
|g 0
|h N
|i 0
|j AN
|
| TYP |
|
|
|a Monograph
|
| 980 |
|
|
|a Mạng thư viện Đại học Đà Nẵng
|